|
|
|
|
| LEADER |
00000nab a2200000 a 4500 |
| 001 |
vtls000500047 |
| 003 |
SK-MaSNL |
| 005 |
20260303192727.0 |
| 008 |
120927c1993 xo 0 slo |
| 015 |
|
|
|a SNBRB19rr/mm-uuuuu
|
| 035 |
|
|
|a CL0500185
|
| 040 |
|
|
|a SNKBUCL
|b slo
|c SNKBUCL
|e AACR2
|
| 041 |
0 |
|
|a slo
|
| 044 |
|
|
|a xo
|c SK
|
| 080 |
|
|
|a 796.325.093.1
|2 1981
|
| 100 |
1 |
|
|a (jež)
|4 aut
|9 838352
|
| 245 |
1 |
0 |
|a Po prvý raz do Olomouca
|b Slávia Syndipharma cup '93 vo volejbale žien
|c (jež)
|
| 650 |
0 |
7 |
|a volejbal
|2 snkbucl
|9 3294
|
| 650 |
0 |
7 |
|a Slávia Syndipharma cup 1993, Bratislava (turnaj volejbalový medzinár.)
|2 snkbucl
|9 1223310
|
| 651 |
|
7 |
|a 5100
|2 snkbucl
|9 166206
|
| 655 |
|
7 |
|a články z novín a časopisov
|2 snkbucl
|9 267496
|
| 773 |
0 |
|
|t Šport
|g Roč. 47, č. 254 (1. 11. 1993), s. 2
|
| 850 |
|
|
|a Slovenská národná knižnica v Martine
|a MTA001
|
| 852 |
|
|
|a SNK
|b KIS3GCP
|
| 958 |
|
|
|a RK
|
| 992 |
|
|
|a RBX
|
| 999 |
|
|
|c 2148402
|d 2150332
|